"Hiszek a fiatalság erejében" az utolsó interjúk egyike Kaszás Attila színművésszel

Bibliographic Details
Main Authors: Zalka, Katalin (Author, Interviewer), Kaszás, Attila, 1960-2007 (Author)
Format: Article
Language:Hungarian
PhysicalDescription:Fotogr.
Subjects:

MARC

LEADER 00000nab a2200000 ar4500
001 vtls009003164
003 SK-MaSNL
005 20260319071253.0
008 070418c20070418xo ||||||h| 000 b|hun
015 |a SNBRB2007/04  |2 snkbucl 
038 |a SNKBUCL 
040 |a DSZK  |b slo  |c DSZK  |e AACR2 
041 0 |a hun 
044 |a xo  |c SK 
080 |a 792.071.2  |2 1997 
080 |a 929 Kaszás, Attila  |2 1997 
100 1 |a Zalka, Katalin  |4 ivr  |4 aut  |9 910630 
245 1 0 |a "Hiszek a fiatalság erejében"  |b az utolsó interjúk egyike Kaszás Attila színművésszel  |c [beszélgetett] Zalka Katalin 
300 |b Fotogr. 
500 |a Rozhovor bol uverejnený v Maďarsku v časopise Képmás 
600 1 7 |a Kaszás, Attila,  |d 1960-2007  |2 snkbucl  |9 103293 
655 7 |a rozhovory  |2 snkbucl  |9 31831 
700 1 |a Kaszás, Attila,  |d 1960-2007  |4 ive  |4 aut  |9 103293 
773 0 |t Új szó  |g Évf. 60, sz. 89 (18.4.2007), o. 9 
852 |a SNK  |b KIS3GCP 
852 |a DSZK  |b KIS3GCP 
958 |a HU 
958 |a BX 
999 |c 1751623  |d 1753553